| 000 | 00778cam a2200193 i 4500 | ||
|---|---|---|---|
| 005 | 20251202091111.0 | ||
| 008 | 250721s2007 jo gr 000 0 ara d | ||
| 082 | 1 | 4 |
_a213.63 _bا ش ق |
| 100 | 1 |
_aالأشقر، عمرسليمان _eمؤلف. |
|
| 245 | 1 | 0 |
_aقصص الرسول صلى الله عليه و سلم و أصحابه في صحيح الحديث النبوي / _cالاستاد الدكتور عمر سليمان الاشقر. |
| 250 | _aالطبعة الاولى. | ||
| 264 | 1 |
_aعمان : _bدار النفائس للنشر والتوزيع، _c2007. |
|
| 300 | _a456 صفحة. | ||
| 650 | 1 | 7 | _aالسيرة النبوية. |
| 650 | 1 | 7 | _aالحديث الشريف. |
| 650 | 1 | 7 | _aالصحابة. |
| 942 |
_2ddc _cBK |
||
| 999 |
_c103259 _d103259 |
||